[Event "DVM U20 2021"]
[Site "Kiel GER"]
[Date "2022.07.26"]
[Round "7"]
[White "Wang, Xinyuan"]
[Black "Klaas, Heiko"]
[Result "0-1"]
[Termination "normal"]
[Board "2.5"]
[WhiteElo "1875"]
[BlackElo "1986"]
[WhiteClock "00:00:49"]
[BlackClock "00:17:13"]
[WhiteTeam "Karlsruher SF 1853"]
[BlackTeam "Hamburger SK von 1830 eV"]
[PlyCount "128"]
[WhiteFideId "16221494"]
[BlackFideId "16215940"]
[EventCountry "GER"]
[EventRounds "7"]
[EventType "team-swiss"]
[EventDate "2022.07.22"]

1. d4 {[%clk 01:30:57]} {[%emt 00:00:03]} d5 {[%clk 01:30:54]} {[%emt
00:00:07]} 2. c4 {[%clk 01:31:20]} {[%emt 00:00:07]} e6 {[%clk 01:31:16]}
{[%emt 00:00:08]} 3. Nc3 {[%clk 01:31:46]} {[%emt 00:00:05]} Nf6 {[%clk
01:31:37]} {[%emt 00:00:08]} 4. cxd5 {[%clk 01:31:56]} {[%emt 00:00:20]} Nxd5
{[%clk 01:31:48]} {[%emt 00:00:19]} 5. e4 {[%clk 01:32:05]} {[%emt 00:00:21]}
Nxc3 {[%clk 01:32:10]} {[%emt 00:00:07]} 6. bxc3 {[%clk 01:32:28]} {[%emt
00:00:07]} c5 {[%clk 01:32:31]} {[%emt 00:00:09]} 7. Nf3 {[%clk 01:31:58]}
{[%emt 00:00:59]} cxd4 {[%clk 01:32:55]} {[%emt 00:00:07]} 8. cxd4 {[%clk
01:32:08]} {[%emt 00:00:21]} Bb4+ {[%clk 01:33:19]} {[%emt 00:00:05]} 9. Bd2
{[%clk 01:32:29]} {[%emt 00:00:09]} Bxd2+ {[%clk 01:33:42]} {[%emt 00:00:07]}
10. Qxd2 {[%clk 01:32:52]} {[%emt 00:00:07]} O-O {[%clk 01:34:05]} {[%emt
00:00:07]} 11. Be2 {[%clk 01:28:51]} {[%emt 00:04:30]} b6 {[%clk 01:32:33]}
{[%emt 00:02:03]} 12. O-O {[%clk 01:25:36]} {[%emt 00:03:44]} Bb7 {[%clk
01:32:06]} {[%emt 00:00:57]} 13. Qe3 {[%clk 01:25:00]} {[%emt 00:01:07]} Nd7
{[%clk 01:18:51]} {[%emt 00:13:45]} 14. e5 {[%clk 01:20:03]} {[%emt 00:05:26]}
Nb8 {[%clk 00:56:59]} {[%emt 00:22:22]} 15. Bd3 {[%clk 00:54:00]} {[%emt
00:26:32]} Qd5 {[%clk 00:44:13]} {[%emt 00:13:16]} 16. Rfe1 {[%clk 00:46:20]}
{[%emt 00:08:10]} Na6 {[%clk 00:40:22]} {[%emt 00:04:21]} 17. Qf4 {[%clk
00:30:09]} {[%emt 00:16:41]} h6 {[%clk 00:35:19]} {[%emt 00:05:33]} 18. Be4
{[%clk 00:20:56]} {[%emt 00:09:43]} Qd7 {[%clk 00:35:42]} {[%emt 00:00:07]} 19.
Nd2 {[%clk 00:18:32]} {[%emt 00:02:54]} Bd5 {[%clk 00:33:09]} {[%emt 00:03:03]}
20. Bxd5 {[%clk 00:16:08]} {[%emt 00:02:54]} exd5 {[%clk 00:32:58]} {[%emt
00:00:41]} 21. Nf1 {[%clk 00:12:29]} {[%emt 00:04:09]} Rac8 {[%clk 00:32:44]}
{[%emt 00:00:44]} 22. Qd2 {[%clk 00:12:26]} {[%emt 00:00:33]} Nc7 {[%clk
00:19:11]} {[%emt 00:14:02]} 23. Ne3 {[%clk 00:09:56]} {[%emt 00:03:01]} Nb5
{[%clk 00:17:47]} {[%emt 00:01:54]} 24. Rac1 {[%clk 00:08:54]} {[%emt
00:01:32]} Rxc1 {[%clk 00:17:16]} {[%emt 00:01:01]} 25. Rxc1 {[%clk 00:09:10]}
{[%emt 00:00:14]} Rc8 {[%clk 00:17:34]} {[%emt 00:00:12]} 26. Rxc8+ {[%clk
00:04:21]} {[%emt 00:05:20]} Qxc8 {[%clk 00:18:02]} {[%emt 00:00:01]} 27. Nxd5
{[%clk 00:04:18]} {[%emt 00:00:33]} Qd8 {[%clk 00:17:35]} {[%emt 00:00:57]} 28.
Ne3 {[%clk 00:03:28]} {[%emt 00:01:17]} Qxd4 {[%clk 00:15:28]} {[%emt
00:02:40]} 29. Qxd4 {[%clk 00:03:51]} {[%emt 00:00:07]} Nxd4 {[%clk 00:15:57]}
{[%emt 00:00:02]} 30. Kf1 {[%clk 00:04:04]} {[%emt 00:00:17]} Kf8 {[%clk
00:15:03]} {[%emt 00:01:24]} 31. Ke1 {[%clk 00:04:22]} {[%emt 00:00:11]} Ke7
{[%clk 00:14:13]} {[%emt 00:01:21]} 32. Kd2 {[%clk 00:04:32]} {[%emt 00:00:20]}
Ke6 {[%clk 00:13:45]} {[%emt 00:00:58]} 33. f4 {[%clk 00:03:56]} {[%emt
00:01:05]} g5 {[%clk 00:13:49]} {[%emt 00:00:25]} 34. g3 {[%clk 00:04:16]}
{[%emt 00:00:10]} gxf4 {[%clk 00:10:54]} {[%emt 00:03:26]} 35. gxf4 {[%clk
00:04:38]} {[%emt 00:00:09]} Nf3+ {[%clk 00:08:47]} {[%emt 00:02:36]} 36. Ke2
{[%clk 00:04:27]} {[%emt 00:00:40]} Nxh2 {[%clk 00:08:59]} {[%emt 00:00:20]}
37. Kf2 {[%clk 00:04:28]} {[%emt 00:00:25]} h5 {[%clk 00:09:21]} {[%emt
00:00:11]} 38. Kg3 {[%clk 00:02:13]} {[%emt 00:02:45]} Ng4 {[%clk 00:09:46]}
{[%emt 00:00:05]} 39. Nc4 {[%clk 00:01:30]} {[%emt 00:01:14]} b5 {[%clk
00:09:08]} {[%emt 00:01:06]} 40. Nd6 {[%clk 00:00:44]} {[%emt 00:01:17]} b4
{[%clk 00:06:27]} {[%emt 00:03:11]} 41. Kh4 {[%clk 00:22:58]} {[%emt 00:08:16]}
f6 {[%clk 00:34:40]} {[%emt 00:02:17]} 42. Kxh5 {[%clk 00:21:43]} {[%emt
00:01:44]} fxe5 {[%clk 00:33:51]} {[%emt 00:01:19]} 43. Nb5 {[%clk 00:20:02]}
{[%emt 00:02:11]} Nf6+ {[%clk 00:30:21]} {[%emt 00:04:00]} 44. Kg5 {[%clk
00:19:57]} {[%emt 00:00:35]} Ne4+ {[%clk 00:29:38]} {[%emt 00:01:12]} 45. Kg4
{[%clk 00:20:19]} {[%emt 00:00:07]} a5 {[%clk 00:29:16]} {[%emt 00:00:53]} 46.
fxe5 {[%clk 00:17:10]} {[%emt 00:03:40]} Nc3 {[%clk 00:17:51]} {[%emt
00:11:54]} 47. Nd4+ {[%clk 00:15:48]} {[%emt 00:01:50]} Kd5 {[%clk 00:17:34]}
{[%emt 00:00:49]} 48. Nb3 {[%clk 00:15:03]} {[%emt 00:01:15]} a4 {[%clk
00:17:29]} {[%emt 00:00:35]} 49. Nc1 {[%clk 00:15:24]} {[%emt 00:00:09]} a3
{[%clk 00:15:11]} {[%emt 00:02:48]} 50. Kf5 {[%clk 00:05:13]} {[%emt 00:10:40]}
Nxa2 {[%clk 00:14:32]} {[%emt 00:01:09]} 51. Nxa2 {[%clk 00:05:14]} {[%emt
00:00:29]} b3 {[%clk 00:14:56]} {[%emt 00:00:06]} 52. Nb4+ {[%clk 00:00:46]}
{[%emt 00:04:57]} Kc4 {[%clk 00:14:54]} {[%emt 00:00:32]} 53. e6 {[%clk
00:01:01]} {[%emt 00:00:16]} b2 {[%clk 00:15:20]} {[%emt 00:00:04]} 54. e7
{[%clk 00:01:10]} {[%emt 00:00:21]} b1=Q+ {[%clk 00:15:45]} {[%emt 00:00:06]}
55. Kf6 {[%clk 00:01:23]} {[%emt 00:00:17]} Qe1 {[%clk 00:15:44]} {[%emt
00:00:30]} 56. Nc2 {[%clk 00:01:38]} {[%emt 00:00:16]} Qf2+ {[%clk 00:15:39]}
{[%emt 00:00:35]} 57. Kg7 {[%clk 00:01:51]} {[%emt 00:00:17]} Qg3+ {[%clk
00:15:37]} {[%emt 00:00:31]} 58. Kf7 {[%clk 00:02:00]} {[%emt 00:00:20]} Qf4+
{[%clk 00:15:46]} {[%emt 00:00:23]} 59. Kg7 {[%clk 00:01:32]} {[%emt 00:00:55]}
Qe5+ {[%clk 00:15:35]} {[%emt 00:00:43]} 60. Kf7 {[%clk 00:01:40]} {[%emt
00:00:22]} Qf5+ {[%clk 00:15:51]} {[%emt 00:00:14]} 61. Kg7 {[%clk 00:02:01]}
{[%emt 00:00:09]} Qe6 {[%clk 00:15:58]} {[%emt 00:00:24]} 62. Nxa3+ {[%clk
00:01:54]} {[%emt 00:00:37]} Kb3 {[%clk 00:16:22]} {[%emt 00:00:05]} 63. Nb5
{[%clk 00:00:38]} {[%emt 00:01:46]} Qxe7+ {[%clk 00:16:47]} {[%emt 00:00:05]}
64. Kh6 {[%clk 00:00:49]} {[%emt 00:00:20]} Qf6+ {[%clk 00:17:13]} {[%emt
00:00:03]} 0-1

[Event "DVM U20 2021"]
[Site "Kiel GER"]
[Date "2022.07.26"]
[Round "7"]
[White "Fuhrmann, Åke"]
[Black "Borodaev, Roman"]
[Result "1/2-1/2"]
[Termination "normal"]
[Board "2.6"]
[WhiteElo "1942"]
[BlackElo "1605"]
[WhiteClock "00:12:39"]
[BlackClock "00:02:33"]
[WhiteTeam "Hamburger SK von 1830 eV"]
[BlackTeam "Karlsruher SF 1853"]
[PlyCount "80"]
[WhiteFideId "12983853"]
[BlackFideId "16274881"]
[EventCountry "GER"]
[EventRounds "7"]
[EventType "team-swiss"]
[EventDate "2022.07.22"]

1. c4 {[%clk 01:30:57]} {[%emt 00:00:03]} c5 {[%clk 01:30:58]} {[%emt
00:00:03]} 2. g3 {[%clk 01:31:21]} {[%emt 00:00:06]} g6 {[%clk 01:31:25]}
{[%emt 00:00:03]} 3. Bg2 {[%clk 01:31:45]} {[%emt 00:00:05]} Bg7 {[%clk
01:31:52]} {[%emt 00:00:04]} 4. Nc3 {[%clk 01:32:07]} {[%emt 00:00:08]} Nc6
{[%clk 01:32:16]} {[%emt 00:00:06]} 5. a3 {[%clk 01:32:26]} {[%emt 00:00:10]}
Nf6 {[%clk 01:30:29]} {[%emt 00:02:18]} 6. Rb1 {[%clk 01:32:48]} {[%emt
00:00:07]} a5 {[%clk 01:30:19]} {[%emt 00:00:40]} 7. e3 {[%clk 01:32:56]}
{[%emt 00:00:23]} e6 {[%clk 01:30:22]} {[%emt 00:00:28]} 8. Nge2 {[%clk
01:32:30]} {[%emt 00:00:55]} d5 {[%clk 01:30:36]} {[%emt 00:00:16]} 9. cxd5
{[%clk 01:23:38]} {[%emt 00:09:22]} Nxd5 {[%clk 01:28:38]} {[%emt 00:02:28]}
10. d3 {[%clk 01:22:08]} {[%emt 00:02:01]} O-O {[%clk 01:26:02]} {[%emt
00:03:06]} 11. O-O {[%clk 01:22:32]} {[%emt 00:00:05]} Rb8 {[%clk 01:19:15]}
{[%emt 00:07:17]} 12. Qc2 {[%clk 01:17:31]} {[%emt 00:05:30]} b6 {[%clk
01:10:53]} {[%emt 00:08:53]} 13. Bd2 {[%clk 01:16:48]} {[%emt 00:01:14]} Ba6
{[%clk 01:01:51]} {[%emt 00:09:32]} 14. Nxd5 {[%clk 01:04:26]} {[%emt
00:12:52]} exd5 {[%clk 01:02:16]} {[%emt 00:00:05]} 15. b4 {[%clk 00:44:51]}
{[%emt 00:20:05]} axb4 {[%clk 00:43:03]} {[%emt 00:19:44]} 16. axb4 {[%clk
00:45:11]} {[%emt 00:00:08]} Ne5 {[%clk 00:43:31]} {[%emt 00:00:03]} 17. Nc1
{[%clk 00:43:42]} {[%emt 00:02:00]} Qd6 {[%clk 00:30:36]} {[%emt 00:13:24]} 18.
Rd1 {[%clk 00:35:25]} {[%emt 00:08:46]} Rfc8 {[%clk 00:25:34]} {[%emt
00:05:33]} 19. Qa2 {[%clk 00:32:19]} {[%emt 00:03:36]} Bb7 {[%clk 00:21:16]}
{[%emt 00:04:48]} 20. d4 {[%clk 00:30:45]} {[%emt 00:02:04]} Nc4 {[%clk
00:21:16]} {[%emt 00:00:30]} 21. bxc5 {[%clk 00:30:58]} {[%emt 00:00:16]} bxc5
{[%clk 00:21:37]} {[%emt 00:00:09]} 22. dxc5 {[%emt 00:00:51]} Qxc5 {[%clk
00:21:55]} {[%emt 00:00:10]} 23. Bb4 {[%clk 00:30:44]} {[%emt 00:00:25]} Qc7
{[%clk 00:19:27]} {[%emt 00:02:59]} 24. Bxd5 {[%clk 00:28:23]} {[%emt
00:02:52]} Bxd5 {[%emt 00:00:08]} 25. Rxd5 {[%clk 00:27:45]} {[%emt 00:01:03]}
Rxb4 {[%clk 00:16:49]} {[%emt 00:03:33]} 26. Rxb4 {[%clk 00:12:12]} {[%emt
00:16:03]} Nxe3 {[%clk 00:17:15]} {[%emt 00:00:04]} 27. Rb1 {[%clk 00:11:20]}
{[%emt 00:01:22]} Qxc1+ {[%clk 00:17:28]} {[%emt 00:00:17]} 28. Rd1 {[%clk
00:11:45]} {[%emt 00:00:06]} Qxd1+ {[%clk 00:11:56]} {[%emt 00:06:02]} 29. Rxd1
{[%clk 00:12:07]} {[%emt 00:00:07]} Nxd1 {[%emt 00:00:07]} 30. Qa6 {[%clk
00:12:10]} {[%emt 00:00:24]} Rd8 {[%clk 00:12:03]} {[%emt 00:00:50]} 31. Qb6
{[%clk 00:12:32]} {[%emt 00:00:08]} Rd2 {[%clk 00:11:21]} {[%emt 00:01:11]} 32.
Qb8+ {[%clk 00:11:58]} {[%emt 00:01:04]} Bf8 {[%clk 00:11:50]} {[%emt
00:00:01]} 33. Qe5 {[%clk 00:11:50]} {[%emt 00:00:38]} Nxf2 {[%clk 00:11:00]}
{[%emt 00:01:20]} 34. Qe3 {[%clk 00:12:00]} {[%emt 00:00:20]} Rb2 {[%clk
00:11:23]} {[%emt 00:00:07]} 35. Qc3 {[%clk 00:12:00]} {[%emt 00:00:29]} Nd1
{[%clk 00:10:40]} {[%emt 00:01:14]} 36. Qc1 {[%clk 00:12:00]} {[%emt 00:00:29]}
h5 {[%clk 00:05:04]} {[%emt 00:06:08]} 37. Qxd1 {[%clk 00:12:22]} {[%emt
00:00:07]} Bg7 {[%clk 00:04:32]} {[%emt 00:01:01]} 38. Qd8+ {[%clk 00:12:29]}
{[%emt 00:00:23]} Kh7 {[%clk 00:05:01]} {[%emt 00:00:02]} 39. Qd7 {[%clk
00:12:44]} {[%emt 00:00:14]} f5 {[%clk 00:05:09]} {[%emt 00:00:23]} 40. Qc7
{[%clk 00:12:39]} {[%emt 00:00:34]} Ra2 {[%clk 00:02:33]} {[%emt 00:03:06]}
1/2-1/2

[Event "DVM U20 2021"]
[Site "Kiel GER"]
[Date "2022.07.26"]
[Round "7"]
[White "Mooser, Nicolas"]
[Black "Suvorov, Alexander"]
[Result "1-0"]
[Termination "normal"]
[Board "3.1"]
[BlackTitle "FM"]
[WhiteElo "2025"]
[BlackElo "2371"]
[WhiteClock "00:13:23"]
[BlackClock "00:00:39"]
[WhiteTeam "FC Ergolding 1932 e.V."]
[BlackTeam "Schachgemeinschaft Porz e. V."]
[PlyCount "51"]
[WhiteFideId "12979406"]
[BlackFideId "12977063"]
[EventCountry "GER"]
[EventRounds "7"]
[EventType "team-swiss"]
[EventDate "2022.07.22"]

1. d4 {[%clk 01:30:57]} {[%emt 00:00:02]} Nf6 {[%clk 01:30:47]} {[%emt
00:00:13]} 2. c4 {[%clk 01:31:23]} {[%emt 00:00:05]} g6 {[%clk 01:31:12]}
{[%emt 00:00:05]} 3. g3 {[%clk 01:31:46]} {[%emt 00:00:06]} Bg7 {[%clk
01:31:33]} {[%emt 00:00:10]} 4. Bg2 {[%clk 01:32:08]} {[%emt 00:00:08]} O-O
{[%clk 01:31:32]} {[%emt 00:00:30]} 5. Nf3 {[%clk 01:32:35]} {[%emt 00:00:04]}
d6 {[%clk 01:31:55]} {[%emt 00:00:07]} 6. O-O {[%clk 01:32:59]} {[%emt
00:00:05]} c6 {[%clk 01:32:16]} {[%emt 00:00:10]} 7. Nc3 {[%clk 01:33:23]}
{[%emt 00:00:06]} Qa5 {[%clk 01:32:39]} {[%emt 00:00:06]} 8. h3 {[%clk
01:30:11]} {[%emt 00:03:42]} Be6 {[%clk 01:32:40]} {[%emt 00:00:30]} 9. Qd3
{[%clk 01:17:44]} {[%emt 00:12:56]} Qa6 {[%clk 01:31:45]} {[%emt 00:01:26]} 10.
b3 {[%clk 01:13:58]} {[%emt 00:04:15]} d5 {[%clk 01:29:56]} {[%emt 00:02:19]}
11. Ne5 {[%clk 01:09:24]} {[%emt 00:05:04]} dxc4 {[%clk 01:22:10]} {[%emt
00:08:17]} 12. Nxc4 {[%clk 01:06:44]} {[%emt 00:03:09]} Rd8 {[%clk 00:55:47]}
{[%emt 00:26:53]} 13. Bb2 {[%clk 00:56:34]} {[%emt 00:10:40]} Nbd7 {[%clk
00:44:02]} {[%emt 00:12:15]} 14. Rfd1 {[%clk 00:51:50]} {[%emt 00:05:14]} Nb6
{[%clk 00:29:04]} {[%emt 00:15:28]} 15. Ne5 {[%clk 00:42:10]} {[%emt 00:10:10]}
Qa5 {[%clk 00:22:37]} {[%emt 00:06:57]} 16. Qc2 {[%clk 00:34:52]} {[%emt
00:07:47]} Rac8 {[%clk 00:16:00]} {[%emt 00:07:08]} 17. Rac1 {[%clk 00:29:34]}
{[%emt 00:05:47]} Nfd7 {[%clk 00:11:52]} {[%emt 00:04:39]} 18. Nf3 {[%clk
00:28:26]} {[%emt 00:01:37]} Nf8 {[%clk 00:07:36]} {[%emt 00:04:46]} 19. e3
{[%clk 00:25:02]} {[%emt 00:03:55]} c5 {[%clk 00:04:50]} {[%emt 00:03:17]} 20.
dxc5 {[%clk 00:24:45]} {[%emt 00:00:46]} Qxc5 {[%clk 00:04:28]} {[%emt
00:00:52]} 21. Qe2 {[%clk 00:22:57]} {[%emt 00:02:17]} Qa5 {[%clk 00:03:47]}
{[%emt 00:01:12]} 22. Nd4 {[%clk 00:20:44]} {[%emt 00:02:42]} Bxd4 {[%clk
00:02:20]} {[%emt 00:01:58]} 23. exd4 {[%clk 00:20:42]} {[%emt 00:00:31]} Nd5
{[%clk 00:02:03]} {[%emt 00:00:48]} 24. Bxd5 {[%clk 00:16:57]} {[%emt
00:04:15]} Bxd5 {[%clk 00:02:24]} {[%emt 00:00:09]} 25. b4 {[%clk 00:13:25]}
{[%emt 00:04:02]} Rxc3 {[%clk 00:00:39]} {[%emt 00:02:16]} 26. bxa5 {[%clk
00:13:23]} {[%emt 00:00:31]} 1-0

[Event "DVM U20 2021"]
[Site "Kiel GER"]
[Date "2022.07.26"]
[Round "7"]
[White "Suvorov, Luca"]
[Black "Lohr, Maximilian"]
[Result "1/2-1/2"]
[Termination "normal"]
[Board "3.2"]
[WhiteTitle "FM"]
[WhiteElo "2308"]
[BlackElo "2092"]
[WhiteClock "00:01:21"]
[BlackClock "00:20:41"]
[WhiteTeam "Schachgemeinschaft Porz e. V."]
[BlackTeam "FC Ergolding 1932 e.V."]
[PlyCount "58"]
[WhiteFideId "12977071"]
[BlackFideId "12999717"]
[EventCountry "GER"]
[EventRounds "7"]
[EventType "team-swiss"]
[EventDate "2022.07.22"]

1. d4 {[%clk 01:30:58]} d5 {[%clk 01:30:49]} {[%emt 00:00:12]} 2. c4 {[%clk
01:31:21]} {[%emt 00:00:06]} c6 {[%clk 01:31:16]} {[%emt 00:00:04]} 3. Nc3
{[%clk 01:31:36]} {[%emt 00:00:14]} Nf6 {[%clk 01:31:41]} {[%emt 00:00:05]} 4.
e3 {[%clk 01:29:47]} {[%emt 00:02:20]} e6 {[%clk 01:32:05]} {[%emt 00:00:07]}
5. Nf3 {[%clk 01:30:01]} {[%emt 00:00:15]} Bd6 {[%clk 01:32:23]} {[%emt
00:00:12]} 6. Qc2 {[%clk 01:30:17]} {[%emt 00:00:14]} Nbd7 {[%clk 01:32:40]}
{[%emt 00:00:13]} 7. Bd3 {[%clk 01:30:35]} {[%emt 00:00:12]} Qe7 {[%clk
01:32:42]} {[%emt 00:00:27]} 8. O-O {[%clk 01:24:06]} {[%emt 00:06:59]} e5
{[%clk 01:31:59]} {[%emt 00:01:14]} 9. cxd5 {[%clk 01:15:31]} {[%emt 00:09:05]}
cxd5 {[%clk 01:31:34]} {[%emt 00:00:54]} 10. e4 {[%clk 01:10:45]} {[%emt
00:05:16]} dxe4 {[%clk 01:28:18]} {[%emt 00:03:46]} 11. Nxe4 {[%clk 01:09:37]}
{[%emt 00:01:38]} Nxe4 {[%clk 01:27:43]} {[%emt 00:01:05]} 12. Bxe4 {[%clk
01:09:53]} {[%emt 00:00:14]} h6 {[%clk 01:26:26]} {[%emt 00:01:49]} 13. Re1
{[%clk 00:54:26]} {[%emt 00:15:56]} O-O {[%clk 01:26:02]} {[%emt 00:00:53]} 14.
Bf5 {[%clk 00:53:00]} {[%emt 00:01:56]} Re8 {[%clk 01:16:22]} {[%emt 00:10:10]}
15. Bd2 {[%clk 00:42:51]} {[%emt 00:10:40]} Qd8 {[%clk 01:00:22]} {[%emt
00:16:30]} 16. Bxd7 {[%clk 00:27:29]} {[%emt 00:15:52]} Bxd7 {[%clk 01:00:40]}
{[%emt 00:00:11]} 17. dxe5 {[%clk 00:27:36]} {[%emt 00:00:24]} Rc8 {[%clk
00:59:57]} {[%emt 00:01:12]} 18. Qe4 {[%clk 00:22:04]} {[%emt 00:06:02]} Bc6
{[%clk 00:57:01]} {[%emt 00:03:26]} 19. Qf4 {[%clk 00:20:42]} {[%emt 00:01:53]}
Bc5 {[%clk 00:54:40]} {[%emt 00:02:50]} 20. Bc3 {[%clk 00:19:03]} {[%emt
00:02:10]} Re6 {[%clk 00:47:21]} {[%emt 00:07:49]} 21. Nd2 {[%clk 00:15:42]}
{[%emt 00:03:51]} Qd5 {[%clk 00:43:10]} {[%emt 00:04:41]} 22. Ne4 {[%clk
00:12:16]} {[%emt 00:03:56]} Rd8 {[%emt 00:03:17]} 23. Kh1 {[%clk 00:09:21]}
{[%emt 00:03:25]} f5 {[%clk 00:38:50]} {[%emt 00:02:02]} 24. Qxf5 {[%clk
00:08:59]} {[%emt 00:00:53]} Rf8 {[%clk 00:39:05]} {[%emt 00:00:14]} 25. Qg4
{[%clk 00:08:04]} {[%emt 00:01:26]} h5 {[%clk 00:32:21]} {[%emt 00:07:14]} 26.
Qd1 {[%clk 00:02:14]} {[%emt 00:06:19]} Bxf2 {[%clk 00:30:17]} {[%emt
00:02:34]} 27. Re2 {[%clk 00:02:25]} {[%emt 00:00:20]} Bb6 {[%clk 00:29:10]}
{[%emt 00:01:36]} 28. Qxd5 {[%clk 00:01:10]} {[%emt 00:01:45]} Bxd5 {[%clk
00:25:59]} {[%emt 00:03:41]} 29. a3 {[%clk 00:01:21]} {[%emt 00:00:20]} Rg6
{[%clk 00:20:41]} {[%emt 00:05:47]} 1/2-1/2

[Event "DVM U20 2021"]
[Site "Kiel GER"]
[Date "2022.07.26"]
[Round "7"]
[White "Lichtmannecker, Daniel"]
[Black "Gallasch, Jonas"]
[Result "1/2-1/2"]
[Termination "normal"]
[Board "3.3"]
[WhiteElo "2013"]
[BlackElo "2108"]
[WhiteClock "00:34:44"]
[BlackClock "00:39:49"]
[WhiteTeam "FC Ergolding 1932 e.V."]
[BlackTeam "Schachgemeinschaft Porz e. V."]
[PlyCount "41"]
[WhiteFideId "12979414"]
[BlackFideId "16222474"]
[EventCountry "GER"]
[EventRounds "7"]
[EventType "team-swiss"]
[EventDate "2022.07.22"]

1. d4 {[%clk 01:29:35]} {[%emt 00:01:25]} Nf6 {[%clk 01:30:52]} {[%emt
00:00:09]} 2. Nc3 {[%clk 01:30:00]} {[%emt 00:00:04]} d5 {[%clk 01:30:24]}
{[%emt 00:00:58]} 3. Bf4 {[%clk 01:30:23]} {[%emt 00:00:08]} c6 {[%clk
01:30:09]} {[%emt 00:00:44]} 4. f3 {[%clk 01:29:33]} {[%emt 00:01:20]} e6
{[%clk 01:27:53]} {[%emt 00:02:46]} 5. Qd2 {[%clk 01:24:55]} {[%emt 00:05:08]}
Bd6 {[%clk 01:25:12]} {[%emt 00:03:11]} 6. Bxd6 {[%clk 01:13:55]} {[%emt
00:11:31]} Qxd6 {[%clk 01:25:36]} {[%emt 00:00:06]} 7. e4 {[%clk 01:14:19]}
{[%emt 00:00:06]} e5 {[%clk 01:15:24]} {[%emt 00:10:42]} 8. dxe5 {[%clk
01:02:01]} {[%emt 00:12:47]} Qxe5 {[%clk 01:15:46]} {[%emt 00:00:08]} 9. O-O-O
{[%clk 01:02:20]} {[%emt 00:00:11]} O-O {[%clk 01:10:27]} {[%emt 00:05:49]} 10.
exd5 {[%clk 00:58:19]} {[%emt 00:04:32]} Rd8 {[%clk 01:02:20]} {[%emt
00:08:36]} 11. d6 {[%clk 00:53:28]} {[%emt 00:05:20]} Be6 {[%clk 01:01:49]}
{[%emt 00:01:01]} 12. Qd4 {[%clk 00:50:50]} {[%emt 00:03:09]} Qxd4 {[%clk
00:55:47]} {[%emt 00:06:32]} 13. Rxd4 {[%clk 00:47:58]} {[%emt 00:03:23]} Ne8
{[%clk 00:51:46]} {[%emt 00:04:30]} 14. Ne4 {[%clk 00:42:49]} {[%emt 00:05:39]}
Bd5 {[%clk 00:48:22]} {[%emt 00:03:55]} 15. Bd3 {[%clk 00:39:41]} {[%emt
00:03:38]} Bxe4 {[%clk 00:46:55]} {[%emt 00:01:57]} 16. Bxe4 {[%clk 00:39:25]}
{[%emt 00:00:46]} Rxd6 {[%clk 00:46:44]} {[%emt 00:00:41]} 17. Ne2 {[%clk
00:39:13]} {[%emt 00:00:41]} Na6 {[%clk 00:42:13]} {[%emt 00:05:01]} 18. Rhd1
{[%clk 00:37:44]} {[%emt 00:01:59]} Rad8 {[%clk 00:42:02]} {[%emt 00:00:41]}
19. c3 {[%clk 00:35:19]} {[%emt 00:02:55]} Nc5 {[%clk 00:40:42]} {[%emt
00:01:49]} 20. Bc2 {[%clk 00:35:22]} {[%emt 00:00:28]} g6 {[%clk 00:39:49]}
{[%emt 00:01:22]} 21. Rxd6 {[%clk 00:34:44]} {[%emt 00:01:09]} 1/2-1/2